La cama mágica de Bartolo
Guardat en:
| Autor principal: | |
|---|---|
| Format: | Llibre |
| Idioma: | espanyol |
| Publicat: |
Santiago
Alfaguara
2003
|
| Edició: | 2a. ed |
| Matèries: | |
| Etiquetes: |
Afegir etiqueta
Sense etiquetes, Sigues el primer a etiquetar aquest registre!
|
MARC
| LEADER | 00000nam a2200000 a 4500 | ||
|---|---|---|---|
| 001 | UCG2543 | ||
| 003 | CL-VaPUC | ||
| 008 | 100708e20030300CL |||||||||||||||||spa|d | ||
| 020 | |a 956239218X | ||
| 082 | 0 | 4 | |a 809.9282 |b PAR |2 21 |
| 100 | |a Paredes, Mauricio |e autor |9 582797 | ||
| 245 | 1 | 3 | |a La cama mágica de Bartolo |
| 250 | |a 2a. ed | ||
| 300 | |a 73 p | ||
| 942 | |c BK | ||
| 945 | |d 20100708 00:00:00 |a mfarfan | ||
| 260 | |a Santiago |b Alfaguara |c 2003 | ||
| 650 | 0 | |a Literatura infantil |9 307465 | |
| 650 | 0 | |a Literatura chilena |9 308278 | |
| 650 | 0 | |a Escritores chilenos |9 420370 | |
| 583 | |a last modification |c 20100708 00:00:00 |k Rodrigo Vera | ||
| 999 | |c 341686 |d 341684 | ||